02620nam a22003977a 4500003000800000005001700008008004100025020002200066040004200088041001300130043000900143082001600152100004700168245007400215250002200289260003900311300014100350336002700491337002800518338002800546505005400574505006600628505007500694505008100769505007100850505006900921505008000990505015401070520060101224521025401825650002802079650002802107653002402135653003102159653003202190BO-EaUP20260505112010.0260505b2023 ck |||||r|||| 00| 0 spasd a978-958-503-619-2 aBO-EaUPcBiblioadmiempresaseRDAbspa aspahspa as-ck 221a388.044 aMora García, Luís AnibaleAutord1963-10aLogística del trasporte y distribución de carga /cLuís Mora G. aSegunda edición aBogotá :bEcoe Ediciones, c2023 axxviii, 248 páginas ;bIlustraciones (blanco y negro), tablas, gráficos, figuras ; Tapa blanda ;c17 x 24 centímetros ; fimpreso  2rdacontentatextobtxt 2rdamediaano mediadobn 2rdacarrieravolumenbnc2 aCapítulo 1. Marco competitivo del transporte.- 2 aCapítulo 2. Sistema Internacional del transporte de carga.-2 aCapítulo 3. Gestión de los costos, fletes, seguros e indicadores.-2 aCapítulo 4. Operaciones de optimización de transporte y distribución.-2 aCapítulo 5. Sistemas de empaques y embalajes en el transporte.- 2 aCapítulo 6. Operadores logísticos de mercancía 3PL y 4PL.-2 aCapítulo 7. Sistemas, tecnología y tendencias del transporte de carga.-2 aCapítulo 8. Transporte inteligente (Smart Transportation) herramientas tecnológicas de innovación aplicadas al transporte de carga terrestre.-- aLogística del transporte y distribución analiza la evolución del transporte hacia la operación logística integral orientada a ofrecer un servicio óptimo en el manejo de carga acorde con las necesidades del mercado y presenta las mejores prácticas y herramientas de optimización operativa y tecnológica a las empresas y operadores logísticos del mercado en Latinoamérica. En su segunda edición, se enfoca en mostrar y presentar la evolución del transporte de carga hacia la hacia la distribución 4.0 en el marco de la revolución tecnológica y digital del mercado.  aDirigido a estudiantes técnicos, tecnólogos, de pregrado, posgrados y maestrías de logística y profesionales involucrados en el tema de la gestión logística del transporte y distribución de mercancías y las entregas de home delivery. aLOGÍSTICA EMPRESARIAL aOPERACIONES Y PROYECTOS aTRANSPORTE DE CARGA aTRANSPORTE DE MERCANCÍAS aLOGÍSTICA EN LOS NEGOCIOS